000 00564cab a2200217 4500
001 X423
008 090401t1992 xxu||||| |||| 00| 0 eng d
035 _a(Sirsi) u65532
041 _aeng
245 _aFine tuning the skills
260 _c1992
350 _a0
490 _aCSM (Chartered Surveyor Monthly)
_v2(5) February 1992,, 5(1)
650 _aMARKET PANELS
650 _aRICS
650 _aSKILLS PANELS
650 _aSTANDARDS AND PRACTICE
690 _aMANAGEMENT-BUSINESS MANAGEMENT-PROFESSIONAL PRACTICE
942 _n0
948 _c04/03/1997
999 _c40864
_d40864